00929cam a22002651a 4500001001300000003000400013005001700017008004100034010001700075035001900092040003900111042001200150050002200162070002100184072000900205082001100214245009200225260005800317300002800375490007600403650001200479710007700491830007800568999001700646agr59000023 DLC20260227111019.0800110s1958 dcua f000 0 eng  aagr59000023  a(OCoLC)5859392 aDLCcWMaPI-RLdWMaPI-RLdDNALdDLC apremarc00aS21b.A6 no. 21190 a1bAg84F no.21190 aF120 a633.8500aSesame production /cprepared by Crop Research Division, Agricultural Research Service. aWashington, D.C. :bU.S. Dept. of Agriculture,c1958. a12 p. :bill. ;c23 cm.1 aFarmers' bulletin / United States Department of Agriculture ;vno. 2119 0aSesame.1 aUnited States.bAgricultural Research Service.bCrops Research Division. 0aFarmers' bulletin (United States. Department of Agriculture) ;vno. 2119. c11660d11660